| 000 | 01210nam0a22003011 4500 | ||
|---|---|---|---|
| 001 | rc\2902023 | ||
| 005 | 20110802163156.4 | ||
| 035 | _a(NLR Aleph) 007053306 | ||
| 090 |
_a6212531 _c6212531 |
||
| 100 | _a20110802d1933 |||y0rusy50 ca | ||
| 101 | 0 | _arus | |
| 102 | _aRU | ||
| 105 | _aba z ||||| | ||
| 200 | 1 |
_aДорожное дело _fА.И. Анохин, И.К. Шкадов, И.Е. Бугаев, Л.В. Пашков, П.Г. Сидоренко _gПод общ. ред. проф. А.И. Анохина ... |
|
| 210 |
_aМосква _aЛенинград _cГострансиздат _d1933 _eЛенинград _gтип. им. Лоханкова |
||
| 215 |
_aПер., 747 с., 1 вкл. л. карт. _cил., карт. _d26×18 см |
||
| 320 | _aБиблиогр.: "Литература" в конце отделов | ||
| 700 | 1 |
_aАнохин _bА. И. _gАлександр Иванович |
|
| 701 | 1 |
_aШкадов _bИ. К. |
|
| 701 | 1 |
_aБугаев _bИ. Е. |
|
| 701 | 1 |
_aПашков _bЛ. В. |
|
| 701 | 1 |
_aСидоренко _bП. Г. |
|
| 702 | 1 |
_aАнохин _bА. И. _4340 |
|
| 801 | 0 |
_aRU _bNLR _gpsbo |
|
| 801 | 1 |
_aRU _bELAR _2rusmarc |
|
| 852 |
_aNLR _j33-5/420 |
||
| 942 | _cBOOK | ||
| 980 | _aNB | ||